Politics without parliaments, 1629-1640 /

Bibliographic Details
Main Author: Cope, Esther S.
Format: Book
Language:English
Published: London ; Boston : Allen & Unwin, 1987.
Subjects:

MARC

Tag First Indicator Second Indicator Subfields
LEADER 00000cam a2200000 a 4500
001 in00000013304
005 20151007052357.0
008 860501s1987 enk b 00110 eng
010 |a  86010935  
020 |a 0049410202 (alk. paper) 
035 |a (OCoLC)13582498 
035 |9 AAA7518AM 
040 |a DLC  |c DLC  |d TXA  |d UtOrBLW 
043 |a e-uk--- 
049 |a TXAM  |c [A11055811] 
050 0 0 |a DA395  |b .C66 1987 
082 0 |a 941.06/3  |2 19 
100 1 |a Cope, Esther S. 
245 1 0 |a Politics without parliaments, 1629-1640 /  |c Esther S. Cope. 
264 1 |a London ;  |a Boston :  |b Allen & Unwin,  |c 1987. 
300 |a xiii, 252 pages ;  |c 23 cm. 
336 |a text  |b txt  |2 rdacontent 
337 |a unmediated  |b n  |2 rdamedia 
338 |a volume  |b nc  |2 rdacarrier 
504 |a Bibliography: pages [221]-238. 
500 |a Includes index. 
651 0 |a Great Britain  |x Politics and government  |y 1625-1649. 
999 |a MARS 
999 f f |s cee86aec-d246-3fea-b2b0-ec61ba77076c  |i 0f13b3cc-027d-35d4-a013-8378ff3264e2  |t 0 
952 f f |p ric  |a Texas A&M University  |b Rellis Campus  |c Joint Library Facility  |d Remote Storage  |t 0  |e DA395 .C66 1987  |h Library of Congress classification  |i unmediated -- volume  |m A14811055811 
998 f f |a DA395 .C66 1987  |t 0  |l Remote Storage